01690cab a2200289Ia 4500001000800000003000600008008004100014040000800055041001300063043000900076100002300085240008600108245011900194246012600313300001200439504002500451520069000476546002301166650003901189650004101228650002801269650001001297700001901307700002001326700001901346856003501365u198406SIRSI120227s2005 ua ss b eng d aEAL aengbara af-ua1 aKhalafalla, E.M.E.10aEgyptian journal of agricultural research, 2005 v. 83 (1)h[electronic resource].10aParasitism of nezara viridula l. eggs under field conditions at Kafr El-Sheikh Governorateh[electronic resource].15aالتطفل على بيض البقة الخضراء تحت الظروف الحقلية لمحافظة كفر الشيخ. ap.87-94 aIncludes references. aThe egg parasitoids of Nezara viridula L are of the most important factors which keep the insect well under control . Therefore, the rate of parasitism of N. viridula eggs was determined under field conditions of Kafr EI-sheikh governorate from early April to the end of October during three successive years , 1999,2000 and 2001. The obtained results showed that the parasitism started with low rate during April. The high rate of parasitism and the parasitoid emergence were recorded during June, July and August for the three years and this was synchronized with the increase of temperature. The parasitoids failed to emerge from the parasitized eggs at the low rate of parasitism . aSummary in Arabic. 0aNezara viridulaxParasiteszEgypt. 0aNezara viridulaxBiological control. 0aGreen stink-bugzEgypt. 0aEggs.1 aEl-Sufty, R.E.1 aEl-Hawary, I.S.1 aKhatiab, M. A.40auhttp://nile.enal.sci.eg/EALE/